Normal view
MARC view
- Krar S.F
Entry Personal Name
001 - CONTROL NUMBER
- control field: 8997
003 - CONTROL NUMBER IDENTIFIER
- control field: NUST
005 - DATE AND TIME OF LATEST TRANSACTION
- control field: 20180118193544.0
008 - FIXED-LENGTH DATA ELEMENTS
- fixed length control field: 180118|| aca||aabn | a|a d
040 ## - CATALOGING SOURCE
- Original cataloging agency: NUST
- Transcribing agency: NUST
100 ## - HEADING--PERSONAL NAME
- Personal name: Krar S.F
670 ## - SOURCE DATA FOUND
- Source citation: Work cat.: (NUST)252561: Krar S.F, Technology of machine tools, 1st Ed
